1805 1114 1868 1486 1354 1875 1011 1991 1100 1641 1787 1498 1448 1261 1052 1015 1763 1280 1617 1831 1208 1908 1318 1344 1347 1115 1626 1632 1045 1689 1876 1956 1834 1268 1002 1423 1804 1431 1229 1541 1760 1711 1269 1460 1236 1414 1852 1751 1606 1136 1117 1820 1890 1044 1026 1696 1241 1171 1751 1827 1780 1099 1610 1317 1870 1824 1013 1909 1895 1022 1539 1707 1126 1291 1509 1864 1358 1921 1814 1183 1691 1670 1651 1607 1532 1467 1349 1851 1051 1351 1260 1850 1177 1585 1007 1673 1776 1403 1922 BCNSPRNW ULIB Ver.6.0+V

เปลี่ยนเป็นภาษาไทย

Change to English
 แสดงรายละเอียดบรรณานุกรม
  กลับหน้าหลัก

Brief Record : Get Marc (ISO 2709) : E-mail record : QR code < ปิดหน้าต่าง
LEADER : 00000nam 2200000uu 4500
001    13399126935
003     ULIB
008    190909s2561||||th 000 0 tha d
020    ^a9786164431188
060    ^aQZ4^bจ167พ
100    ^aจริยา ไวศยารัทธ์ ไพศาล บุญสะกันต์ จิตชัย ขยันการนาวี และชินวุฒิ สุริยนเปล่งแสง
245    ^aพยาธิวิทยากายวิภาค Anatomic Pathology
250    ^aพิมพ์ครั้งที่ 1
260    ^aกรุงเทพฯ :^bภาควิชาพยาธิวิทยา คณะแพทย์ศาสตร์โรงพยาบาลรามาธิบดี มหาวิทยาลัยมหิดล,^c2561
300    ^a368 หน้า^bภาพประกอบ, ตาราง, ภาคผนวก
650    ^aพยาธิวิทยา
650    ^aกายวิภาคศาสตร์
945    ^p750^l0^i27656
945    ^p750^l0^i27652
945    ^p750^l0^i27655
945    ^p750^l0^i27653
945    ^p750^l0^i27654
999    ^aกัณชพร จุลอักษร
รายการนี้ยังไม่มีแท็ก
คุณยังไม่ได้ล็อกอิน คุณสามารถมีกิจกรรมร่วมกับเว็บไซต์ได้ แต่ต้องล็อกอินก่อน ::
  ล็อกอิน

รายการสื่อสารสนเทศ

ลำดับที่ ประเภท เลขเรียก/บาร์โค้ด สถานที่ สถานะ
1. หนังสือสำรอง
หนังสือสำรอง
QZ4 จ167พ ฉ.1 
  Barcode: 27652
ห้องสมุดวิทยาเขตนครสวรรค์
►หนังสือทั่วไป:l:General Books
ถูกยืม กำหนดส่งวันที่ 8 พฤษภาคม 2569
  จอง
2. วิทยาศาสตร์การแพทย์ และสุขภาพ
วิทยาศาสตร์การแพทย์ และสุขภาพ
QZ4 จ167พ ฉ.2 
  Barcode: 27653
ห้องสมุดวิทยาเขตนครสวรรค์
►หนังสือทั่วไป:l:General Books
บนชั้น
3. วิทยาศาสตร์การแพทย์ และสุขภาพ
วิทยาศาสตร์การแพทย์ และสุขภาพ
QZ4 จ167พ ฉ.3 
  Barcode: 27654
ห้องสมุดวิทยาเขตนครสวรรค์
►หนังสือทั่วไป:l:General Books
บนชั้น
4. วิทยาศาสตร์การแพทย์ และสุขภาพ
วิทยาศาสตร์การแพทย์ และสุขภาพ
QZ4 จ167พ ฉ.4 
  Barcode: 27655
ห้องสมุดวิทยาเขตนครสวรรค์
►หนังสือทั่วไป:l:General Books
บนชั้น
5. วิทยาศาสตร์การแพทย์ และสุขภาพ
วิทยาศาสตร์การแพทย์ และสุขภาพ
QZ4 จ167พ ฉ.5 
  Barcode: 27656
ห้องสมุดวิทยาเขตนครสวรรค์
►หนังสือทั่วไป:l:General Books
บนชั้น

รายการใกล้เคียง
    ชื่อเรื่อง [พยาธิวิทยากายวิภาค Anatomic Pathology]

    ผู้แต่ง [จริยา ไวศยารัทธ์ ไพศาล บุญสะกันต์ จิตชัย ขยันการนาวี และชินวุฒิ สุริยนเปล่งแสง]

    หัวเรื่อง [พยาธิวิทยา]
    หัวเรื่อง [กายวิภาคศาสตร์]

BibComment


ยังไม่เคยถูกคอมเมนท์

คอมเมนท์ทรัพยากรรายการนี้
  คอมเมนท์: พยาธิวิทยากายวิภ..


 Copyright 2026. Bcnsprnw @Library